000 00350nam a2200145Ia 4500
008 230711s9999||||xx |||||||||||||| ||und||
041 _aENG
082 _a5
_bRA-C
100 _aRajaraman.V
245 0 _aC programming in pascal
250 _a1st Ed.
260 _c1993
_aNew Delhi
_bPradeep publishers
650 _aComputer Engineering
942 _cBK
999 _c2944
_d2944